000
00318nam a2200157Ia 4500
100
_a
Kwon/Young W
650
_a
FEM
942
_c
BK
366
_f
25
245
_a
Finite element method
260
_b
CRC Press
_c
2000
082
_a
620.001515
_b
KWO
300
_a
607
546
_a
ENGLISH
_c
Info.Tech
999
_c
23794
_d
23794